|
|
|
|
| LEADER |
00000nab a2200000 a 4500 |
| 001 |
vtls008630986 |
| 003 |
SK-MaSNL |
| 005 |
20260303071622.0 |
| 008 |
140328c2006 xo zr|p|||||||000 b|slo |
| 015 |
|
|
|a SNBRB2006/03
|2 snkbucl
|
| 038 |
|
|
|a SNKBUCL
|
| 040 |
|
|
|a SNKBUCL
|b slo
|c SNKBUCL
|e AACR2
|
| 041 |
0 |
|
|a slo
|
| 044 |
|
|
|a xo
|c SK
|
| 080 |
|
|
|a 696.14
|2 2001
|
| 080 |
|
|
|a 643.521
|2 2001
|
| 080 |
|
|
|a 72.052.6
|2 2001
|
| 100 |
1 |
|
|a Valášek, Jaroslav,
|d 1938-
|4 aut
|9 196000
|
| 245 |
1 |
0 |
|a O sanite kúpeľní trocha inak
|c Jaroslav Valášek
|
| 300 |
|
|
|b Fotogr., obr.
|
| 504 |
|
|
|a Bibliogr. odkazy
|
| 650 |
0 |
7 |
|a kúpeľne
|2 snkbucl
|9 70202
|
| 773 |
0 |
|
|t ASB
|g Roč. XIII, č. 1-2 (2006), s. 77-80
|x 1335-1230
|
| 852 |
|
|
|a SNK
|b KIS3GCP
|
| 958 |
|
|
|a NB
|
| 999 |
|
|
|c 1760786
|d 1762716
|